000 nam a22 a 4500
999 _c88495
_d88495
003 BLK
005 20211115094816.0
008 180408b bul|||||r ||||||| ||bul||
010 _aKNG00093174000
040 _aBLK
041 _aBUL
_cBUL
080 _aБългарска литература
_b821.163.2
_x-1
_z821.163.2-1
100 1 _aФурнаджиев, Никола Йорданов
_eпърви автор
_9372516
139 _aФурнаджиев, Никола Йорданов
_bФ 94
245 1 0 _aИзбрани стихотворения
_cНикола Йорданов Фурнаджиев.
257 _aBGR
260 _aСофия
_bБълг. писател
_c1959
300 _a235 с., 1 л.
_bпортр.
_c21 см
380 _aX
852 _aЦб 15385
_bО
856 4 _qpdf
856 4 _qpdf
942 _cKNG
_n0
_s1
944 _aCR
_c20.02.2018
_kКети_Илиева
944 _aED
_c20.02.2018
_kКети_Илиева
999 _d88495